000 00556nam a22001812 4500
001 0000005385
005 20151217155827.0
008 070612s xx 000 0 eng d
040 _aKABU
_cKABU
050 0 _aZ858
_b.K33T35
100 1 _aTaiwa, Caroline.
_@0000156674
245 1 0 _aIndustrial attachment report from 3rd January to 31st March 2006 at Kabarak University Library.
300 _a 25 leaves.
610 2 0 _aKabarak University Library.
_@0000156666
908 _a070612
950 _@1
999 _c12972
_d12972